000
00284nam a2200121Ia 4500
100
_a
Levin Richard B
942
_c
BK
654
_a
Computer Virus handbook
245
_a
Computer Virus Handbook
260
_b
Osborne Mc graw Hill
_a
New Delhi
_c
1991
546
_a
ENGLISH
999
_c
28457
_d
28457